|
|
|
|
| LEADER |
00000naa0a2200000 4500 |
| 001 |
594020 |
| 005 |
20250611131849.0 |
| 035 |
|
|
|a (RuTPU)RU\TPU\tpu\8087
|
| 035 |
|
|
|a TPU00000549
|
| 090 |
|
|
|a 594020
|
| 100 |
|
|
|a 20020118d1978 k||y0rusy50 ca
|
| 102 |
|
|
|a RU
|
| 200 |
1 |
|
|a Способ обработки нежёстких деталей при заданном допуске на их коробление
|f М. Г. Гольдшмидт, Б. М. Шлякман
|
| 463 |
|
|
|t Повышение эксплуатационных свойств деталей машин технологическими методами
|v С. 50-52
|d 1978
|
| 610 |
1 |
|
|a детали машин
|
| 610 |
1 |
|
|a коробление
|
| 610 |
1 |
|
|a труды учёных ТПУ
|
| 700 |
|
1 |
|a Гольдшмидт
|b М. Г.
|
| 701 |
|
1 |
|a Шлякман
|b Б. М.
|
| 801 |
|
0 |
|a RU
|b 63413507
|c 20020118
|g PSBO
|
| 801 |
|
2 |
|a RU
|b 63413507
|c 20090928
|g RCR
|
| 850 |
|
|
|a 63413507
|
| 942 |
|
|
|c BK
|